01613 a2200301 4500003000500000005001700005010001700022020003300039020003600072035002400108040000900132082001500141100002100156245019900177250001200376260004500388300004100433490004600474505019400520505004100714520031600755650003901071651002101110700002501131700002601156830004701182856008201229Nust20170207154052.0 a 2007052350 a0816066604 (hc : alk. paper) a9780816066605 (hc : alk. paper) a(OCoLC)ocn190760625 cNust00a200.973/031 aQueen, Edward L.10aEncyclopedia of American religious history(E-BOOK)cEdward L. Queen II, Stephen R. Prothero, and Gardiner H. Shattuck, Jr. ; Martin E. Marty, editorial adviser ; book producer, Marie A. Cantlon. a3rd ed. aNew York, N.Y. :bFacts On File,cc2009. a3 v. (xx, 1160 p.) :bill. ;c24 cm.1 aFacts on File library of American history0 aList of entries -- Authors and contributors -- Foreword to the second edition -- Introduction -- A short history of religion in America -- Entries A to Z -- Synoptic index -- General index.0 av. 1. A-E -- v. 2. F-O -- v. 3. P-Z.0 aIn more than 800 entries--100 of which have been added or revised for this edition--Encyclopedia of American Religious History, Third Edition outlines the numerous philosophers, personalities, social issues, and cultural histories of religious practices throughout American history. --from publisher description 0aReligious biographyzUnited States 0aE-BOOKxReligion1 aProthero, Stephen R.1 aShattuck, Gardiner H. 0aFacts on File library of American history.413Table of contents onlyuhttp://www.loc.gov/catdir/toc/ecip087/2007052350.html